| 000 | 00510cam a2200193ua 4500 | ||
|---|---|---|---|
| 020 | _c10.00 | ||
| 041 |
_aeng _h |
||
| 082 |
_a630 _bBAR/AD |
||
| 100 | _aBarnabas, A.P . | ||
| 245 |
_aAdministering agricultural development / _cA.P.Barnabas. _hTextual Documents |
||
| 250 |
_a1 / _b. |
||
| 260 |
_aNew Delhi : _bThe Indian institute of public administration , _c1970. |
||
| 300 | _a145 ; . | ||
| 365 | _a10.00 | ||
| 504 | _a | ||
| 700 | 1 | _aPelz, Donald.C . | |
| 942 | _cBK | ||
| 999 |
_c2563 _d2563 |
||